000 00359nam a2200133Ia 4500
008 100328s9999 xx 000 0 und d
082 _b1779
100 _aTrine Ralph Waldo
245 _aThe Greatest Thing Ever Known
260 _bG.Bell & Sons Ltd.
630 _aThe Greatest Thing Ever Known
730 _aThe Greatest Thing Ever Known
942 _cBOOK
999 _c498027
_d498024